<?xml version="1.0" encoding="UTF-8"?><?xml-stylesheet type="text/xsl" href="static/style.xsl"?><OAI-PMH xmlns="http://www.openarchives.org/OAI/2.0/" xmlns:xsi="http://www.w3.org/2001/XMLSchema-instance" xsi:schemaLocation="http://www.openarchives.org/OAI/2.0/ http://www.openarchives.org/OAI/2.0/OAI-PMH.xsd"><responseDate>2026-04-17T11:44:09Z</responseDate><request verb="GetRecord" identifier="oai:riubu.ubu.es:10259/5629" metadataPrefix="marc">https://riubu.ubu.es/oai/request</request><GetRecord><record><header><identifier>oai:riubu.ubu.es:10259/5629</identifier><datestamp>2021-11-03T23:02:00Z</datestamp><setSpec>com_10259_2699</setSpec><setSpec>col_10259_2713</setSpec></header><metadata><record xmlns="http://www.loc.gov/MARC21/slim" xmlns:doc="http://www.lyncode.com/xoai" xmlns:xsi="http://www.w3.org/2001/XMLSchema-instance" xmlns:dcterms="http://purl.org/dc/terms/" xsi:schemaLocation="http://www.loc.gov/MARC21/slim http://www.loc.gov/standards/marcxml/schema/MARC21slim.xsd">
<leader>00925njm 22002777a 4500</leader>
<datafield tag="042" ind1=" " ind2=" ">
<subfield code="a">dc</subfield>
</datafield>
<datafield tag="720" ind1=" " ind2=" ">
<subfield code="a">Moreno Ariza, Luis Fernando</subfield>
<subfield code="e">author</subfield>
</datafield>
<datafield tag="260" ind1=" " ind2=" ">
<subfield code="c">2020</subfield>
</datafield>
<datafield tag="520" ind1=" " ind2=" ">
<subfield code="a">Se pretende indagar el significado que atribuyen seis estudiantes universitarios a conceptos de reactividad química, en reacciones de adición nucleofílica, una enseñanza basada en el aprendizaje significativo, con énfasis en la resolución de problemas, donde la mediación del leguaje químico es esencial. Se pretende conocer cómo utilizan los estudiantes el lenguaje químico mediante sus representaciones, la progresiva evolución de significados científicos y su comprensión conceptual.&#xd;
&#xd;
La propuesta didáctica de enseñanza se fundamenta en la teoría del aprendizaje significativo de Ausubel (1968-2003) y la teoría del Aprendizaje Crítico de Moreira (2005-2010). Está constituida por un conjunto de actividades que orientan el trabajo de clase y favorecen el intercambio de significados entre profesores y estudiantes, priorizando la resolución de problemas. &#xd;
&#xd;
Se emplea una clasificación por categorías que incluyen diferentes conceptos del lenguaje químico; y un conjunto de rúbricas que valoran su dominio, para describir el grado de adquisición de significados alcanzado por cada estudiante. &#xd;
&#xd;
Palabras clave: lenguaje químico, resolución de problemas, aprendizaje significativo, adición nucleofílica, química orgánica.&#xd;
&#xd;
Key words: chemical language, problem solving, meaningful learning, nucleophilic addition, organic chemistry.</subfield>
</datafield>
<datafield tag="024" ind2=" " ind1="8">
<subfield code="a">http://hdl.handle.net/10259/5629</subfield>
</datafield>
<datafield tag="024" ind2=" " ind1="8">
<subfield code="a">10.36443/10259/5629</subfield>
</datafield>
<datafield ind1=" " ind2=" " tag="653">
<subfield code="a">lenguaje químico</subfield>
</datafield>
<datafield ind1=" " ind2=" " tag="653">
<subfield code="a">resolución de problemas</subfield>
</datafield>
<datafield ind1=" " ind2=" " tag="653">
<subfield code="a">aprendizaje significativo</subfield>
</datafield>
<datafield ind1=" " ind2=" " tag="653">
<subfield code="a">adición nucleofílica</subfield>
</datafield>
<datafield ind1=" " ind2=" " tag="653">
<subfield code="a">química orgánica</subfield>
</datafield>
<datafield ind1=" " ind2=" " tag="653">
<subfield code="a">chemical language</subfield>
</datafield>
<datafield ind1=" " ind2=" " tag="653">
<subfield code="a">problem solving</subfield>
</datafield>
<datafield ind1=" " ind2=" " tag="653">
<subfield code="a">meaningful learning</subfield>
</datafield>
<datafield ind1=" " ind2=" " tag="653">
<subfield code="a">nucleophilic addition</subfield>
</datafield>
<datafield ind1=" " ind2=" " tag="653">
<subfield code="a">organic chemistry</subfield>
</datafield>
<datafield tag="245" ind1="0" ind2="0">
<subfield code="a">El lenguaje químico en la resolución de problemas sobre reactividad en química orgánica: un estudio de casos</subfield>
</datafield>
</record></metadata></record></GetRecord></OAI-PMH>